[Event "Druga liga CS - istok"]
[Site "Jagodina"]
[Date "2006.10.14"]
[Round "6.1"]
[White "Vojinovic, Goran"]
[Black "Lukic, Igor"]
[Result "1/2-1/2"]
[WhiteElo "2461"]
[BlackElo "2087"]
[PlyCount "82"]
[EventDate "2006.09.09"]

1. d4 Nf6 2. Nf3 e6 3. c4 b6 4. g3 Bb7 5. Bg2 Be7 6. Nc3 d5 7. cxd5 exd5 8. O-O
O-O 9. Qc2 Nbd7 10. Rd1 Re8 11. Bf4 c6 12. Ne5 Nf8 13. e4 Ne6 14. Be3 Bf8 15.
Rac1 Rc8 16. exd5 cxd5 17. Qb3 a6 18. h3 Qd6 19. Nd3 Red8 20. Nf4 b5 21. Nxe6
Qxe6 22. Bg5 Be7 23. Re1 Qd7 24. Rcd1 h6 25. Bf4 Bc6 26. Ne2 b4 27. Qd3 Bb5 28.
Qb1 a5 29. Be5 Ba4 30. b3 Bc6 31. Nf4 Bb7 32. f3 Ne8 33. Nd3 Rc3 34. Nc5 Bxc5
35. dxc5 Rxc5 36. Bd4 Rc6 37. f4 Rdc8 38. Be5 Rc2 39. Be4 Qxh3 40. Bxc2 Qxg3+
41. Kf1 Qf3+ 1/2-1/2

[Event "Druga liga CS - istok"]
[Site "Jagodina"]
[Date "2006.10.14"]
[Round "6.1"]
[White "Petrovic, Dragan"]
[Black "Raicevic, Vladimir"]
[Result "1-0"]
[WhiteElo "2102"]
[BlackElo "2446"]
[PlyCount "43"]
[EventDate "2006.09.09"]

1. d4 d5 2. c4 e6 3. Nc3 c6 4. cxd5 exd5 5. Bf4 Bf5 6. e3 Qb6 7. Qd2 Nf6 8. a3
Nbd7 9. Nf3 Be7 10. Be2 O-O 11. O-O Rfe8 12. h3 Qd8 13. Rfd1 Nf8 14. Ne5 Bd6
15. b4 a6 16. Nd3 Bxd3 17. Bxd3 Bxf4 18. exf4 Qd6 19. g3 N8d7 20. Re1 b5 21.
Re5 Qf8 22. Rae1 {mobilni} 1-0

[Event "Druga liga CS - istok"]
[Site "Jagodina"]
[Date "2006.10.14"]
[Round "6.1"]
[White "Milenkovic, Mladen"]
[Black "Jovanovic, Miroslav"]
[Result "1/2-1/2"]
[WhiteElo "2349"]
[BlackElo "2104"]
[PlyCount "56"]
[EventDate "2006.09.09"]

1. e4 Nc6 2. d4 e5 3. dxe5 Nxe5 4. f4 Ng6 5. Bc4 Bb4+ 6. c3 Bc5 7. Bxf7+ Kxf7
8. Qd5+ Kf8 9. Qxc5+ d6 10. Qd4 Qh4+ 11. g3 Qh5 12. f5 Ne5 13. Bf4 Nc6 14. Qf2
Nf6 15. Nd2 Bd7 16. Qe2 Qf7 17. Ngf3 Re8 18. O-O Bxf5 19. Qb5 Bc8 20. Rae1 a6
21. Qd3 Qh5 22. Nc4 Bh3 23. Nxd6 cxd6 24. Bxd6+ Kg8 25. e5 Bxf1 26. Rxf1 Nxe5
27. Nxe5 Rxe5 28. Bxe5 Qxe5 1/2-1/2

[Event "Druga liga CS - istok"]
[Site "Jagodina"]
[Date "2006.10.14"]
[Round "6.1"]
[White "Milosevic, Aleksandar"]
[Black "Djukic, Nebojsa"]
[Result "1-0"]
[WhiteElo "2255"]
[BlackElo "2182"]
[PlyCount "111"]
[EventDate "2006.09.09"]

1. Nf3 d5 2. d4 c6 3. c4 Nf6 4. cxd5 cxd5 5. Nc3 Nc6 6. Bf4 Qb6 7. Na4 Qa5+ 8.
Bd2 Qc7 9. e3 Bg4 10. Rc1 Rc8 11. Bb5 e6 12. O-O Bd6 13. h3 Bxf3 14. Bxc6+ bxc6
15. Qxf3 Ne4 16. Qe2 O-O 17. Rc2 f5 18. Nc3 Qe7 19. Nxe4 fxe4 20. Rfc1 c5 21.
Bb4 c4 22. Bxd6 Qxd6 23. b3 Rf5 24. bxc4 Rcf8 25. c5 Qc6 26. Qf1 h5 27. Rb1 e5
28. dxe5 Rxe5 29. Qb5 Qg6 30. c6 Rg5 31. Qf1 Qf5 32. Kh1 Rg6 33. Rb5 Kh7 34.
Qg1 Rc8 35. c7 Qd7 36. Rbc5 Rd6 37. Qd1 g6 38. Qd4 Qe6 39. Rb2 Rd7 40. Rb8 Rf7
41. Rc2 g5 42. Rxc8 Qxc8 43. Qxd5 Re7 44. Qb5 Rxc7 45. Rxc7+ Qxc7 46. Qxg5 Qf7
47. Qa5 Qxf2 48. Qxa7+ Kg6 49. Qb6+ Kg5 50. Qd8+ Kg6 51. Qd6+ Kg7 52. Qe5+ Kh6
53. Qf4+ Qxf4 54. exf4 Kg6 55. g4 Kf6 56. Kg2 1-0

[Event "Druga liga CS - istok"]
[Site "Branicevo"]
[Date "2006.10.14"]
[Round "6.3"]
[White "Dezelin, Milan"]
[Black "Krstic, Petar"]
[Result "1/2-1/2"]
[WhiteElo "2333"]
[BlackElo "2203"]
[PlyCount "21"]
[EventDate "2006.09.09"]

1. d4 e6 2. Nf3 c5 3. e3 Nf6 4. Bd3 Nc6 5. O-O d5 6. b3 Be7 7. Bb2 cxd4 8. exd4
O-O 9. Nbd2 b6 10. a3 Bb7 11. Re1 1/2-1/2

[Event "Druga liga CS - istok"]
[Site "Branicevo"]
[Date "2006.10.14"]
[Round "6.3"]
[White "Manic, Jovica"]
[Black "Djokic, Nebojsa"]
[Result "1-0"]
[WhiteElo "2272"]
[BlackElo "2256"]
[PlyCount "127"]
[EventDate "2006.09.09"]

1. Nf3 Nf6 2. d4 g6 3. c4 Bg7 4. b4 O-O 5. Bb2 d6 6. e3 e5 7. d5 a5 8. a3 Bg4
9. Be2 axb4 10. axb4 Rxa1 11. Bxa1 Na6 12. Qb3 e4 13. Nd4 Bxe2 14. Nxe2 Ng4 15.
Bxg7 Kxg7 16. Nd2 Qf6 17. O-O Qe5 18. Nf4 Nxh2 19. Kxh2 g5 20. g3 gxf4 21. exf4
Qh5+ 22. Kg2 Qe2 23. Qc3+ f6 24. Nb3 Re8 25. Nd4 Qd3 26. Ne6+ Kf7 27. Qxd3 exd3
28. Rb1 d2 29. Kf3 c6 30. Ke2 Nc7 31. Kxd2 Nxe6 32. dxe6+ Rxe6 33. Kd3 f5 34.
Ra1 Re7 35. Ra8 Rd7 36. Kd4 d5 37. c5 Re7 38. f3 Ke6 39. b5 cxb5 40. Ra5 Rg7
41. Rxb5 Rxg3 42. Rb6+ Kd7 43. Rxb7+ Kc6 44. Rb6+ Kc7 45. Rf6 Rxf3 46. Rxf5 h5
47. Kxd5 h4 48. Rf7+ Kd8 49. Ke4 Rc3 50. Kd4 Rf3 51. c6 h3 52. c7+ Kc8 53. Ke5
h2 54. Rh7 Rf2 55. Kf5 Rc2 56. Kg4 Rg2+ 57. Kf3 Rg7 58. Rxh2 Kxc7 59. Rd2 Rd7
60. Rxd7+ Kxd7 61. Kg4 Ke7 62. Kg5 Ke6 63. Kg6 Ke7 64. f5 1-0

[Event "Druga liga CS - istok"]
[Site "Branicevo"]
[Date "2006.10.14"]
[Round "6.3"]
[White "Garic, Radomir"]
[Black "Nikolic, Boban"]
[Result "1-0"]
[WhiteElo "2210"]
[BlackElo "2222"]
[PlyCount "74"]
[EventDate "2006.09.09"]

1. e4 c5 2. Nf3 d6 3. Bc4 e6 4. O-O Nf6 5. d3 Be7 6. Bb3 O-O 7. c3 Nc6 8. Re1
b5 9. a4 b4 10. Nbd2 Rb8 11. d4 bxc3 12. bxc3 cxd4 13. cxd4 Nb4 14. Re3 d5 15.
e5 Ng4 16. Rc3 f6 17. h3 Nh6 18. Nf1 Nf7 19. exf6 Bxf6 20. Bf4 Nd6 21. Ng3 g6
22. Rac1 Ba6 23. h4 Rc8 24. Rxc8 Nxc8 25. Qe1 Qb6 26. Bc7 Nd3 27. Bxb6 Nxe1 28.
Rxe1 Nxb6 29. Rxe6 Bc4 30. Bc2 Kf7 31. Re1 Nd7 32. a5 Rb8 33. Ba4 Bb5 34. Bb3
Bc4 35. Bxc4 dxc4 36. Ne4 Kg7 37. Nd6 Be7 1-0

[Event "Druga liga CS - istok"]
[Site "Branicevo"]
[Date "2006.10.14"]
[Round "6.3"]
[White "Todorovic, Bojan"]
[Black "Rajkovic, Ljubisa"]
[Result "1/2-1/2"]
[WhiteElo "2294"]
[BlackElo "2207"]
[PlyCount "45"]
[EventDate "2006.09.09"]

1. e4 e6 2. d4 d5 3. Nd2 dxe4 4. Nxe4 Nd7 5. Nf3 Ngf6 6. Nxf6+ Nxf6 7. Bd3 c5
8. dxc5 Bxc5 9. Qe2 a6 10. Bg5 Qb6 11. c3 Bd7 12. O-O Rd8 13. Ne5 Be7 14. Rad1
Bc6 15. Bc4 Rxd1 16. Rxd1 Ne4 17. Bxe7 Kxe7 18. Rd4 f5 19. Nxc6+ Qxc6 20. Bd3
Nd6 21. Qe5 Rg8 22. c4 Nf7 23. Qe3 1/2-1/2

[Event "Druga liga CS - istok"]
[Site "Branicevo"]
[Date "2006.10.14"]
[Round "6.3"]
[White "Zivanovic, Nenad"]
[Black "Rajevic, Gavrilo"]
[Result "0-1"]
[WhiteElo "2200"]
[BlackElo "2277"]
[PlyCount "64"]
[EventDate "2006.09.09"]

1. e4 c5 2. Nc3 Nc6 3. g3 g6 4. Bg2 Bg7 5. d3 d6 6. f4 e6 7. Nf3 Nge7 8. O-O
O-O 9. Be3 Nd4 10. Bf2 Nxf3+ 11. Bxf3 Nc6 12. e5 Nd4 13. Ne4 dxe5 14. fxe5
Nxf3+ 15. Qxf3 Bxe5 16. c3 b6 17. Nf6+ Bxf6 18. Qxa8 Qc7 19. Bxc5 bxc5 20. Qf3
Be5 21. Kf2 Bb7 22. Qe2 h5 23. Ke1 Rd8 24. Kd1 c4 25. d4 Bxd4 26. Kc2 Bg7 27.
Rad1 Bd5 28. Qe3 Qb7 29. Kc1 Rb8 30. Rf2 Be4 31. Re1 Bf3 32. Qd2 Kh7 0-1

[Event "Druga liga CS - istok"]
[Site "Branicevo"]
[Date "2006.10.14"]
[Round "6.3"]
[White "Jonic, Vladimir"]
[Black "Madjar, Stanislav"]
[Result "1-0"]
[WhiteElo "2168"]
[BlackElo "2182"]
[PlyCount "80"]
[EventDate "2006.09.09"]

1. e4 Nf6 2. e5 Nd5 3. c4 Nb6 4. c5 Nd5 5. Bc4 e6 6. Qg4 b6 7. Nc3 Nxc3 8. dxc3
Nc6 9. Nf3 Qe7 10. Be3 Bb7 11. b4 f6 12. O-O f5 13. Qh3 g6 14. Bg5 Qf7 15. Bf6
Bg7 16. Ng5 Qg8 17. Rad1 Bxf6 18. exf6 O-O-O 19. Rfe1 Qf8 20. cxb6 axb6 21. f7
h6 22. Nf3 Qxf7 23. a4 Qf6 24. Nd4 Nxd4 25. cxd4 f4 26. Qd3 Qg5 27. Qf1 f3 28.
g3 Rhf8 29. a5 Rf5 30. d5 exd5 31. Ba6 Re5 32. axb6 cxb6 33. Qb5 Kc7 34. Qd3
Rde8 35. Rxe5 Rxe5 36. Bxb7 Kxb7 37. Qxf3 Rf5 38. Qb3 Qf6 39. b5 Qe6 40. Qa3
Qe2 1-0

[Event "Druga liga CS - istok"]
[Site "Blace"]
[Date "2006.10.14"]
[Round "6.4"]
[White "Markovic, Milan"]
[Black "Djordjevic, Nebojsa"]
[Result "1/2-1/2"]
[WhiteElo "2323"]
[BlackElo "2265"]
[PlyCount "52"]
[EventDate "2006.09.09"]

1. g3 d5 2. Nf3 Nf6 3. Bg2 e6 4. O-O Be7 5. d3 O-O 6. Nbd2 b6 7. e4 dxe4 8. Ng5
Bb7 9. Ngxe4 Nxe4 10. Nxe4 Qc8 11. a4 Nd7 12. a5 Nc5 13. Nxc5 Bxg2 14. Kxg2
Bxc5 15. Be3 Be7 16. Qf3 Bf6 17. Ra2 Qd8 18. Rfa1 b5 19. a6 Bd4 20. Qe4 Bxe3
21. fxe3 Rb8 22. Ra3 Qd6 23. Rc3 c5 24. Qf4 e5 25. Qf5 g6 26. Qf2 Rb6 1/2-1/2

[Event "Druga liga CS - istok"]
[Site "Blace"]
[Date "2006.10.14"]
[Round "6.4"]
[White "Milutinovic, Zoran"]
[Black "Popovic, Djordje"]
[Result "1/2-1/2"]
[WhiteElo "2174"]
[BlackElo "2312"]
[PlyCount "36"]
[EventDate "2006.09.09"]

1. d4 Nf6 2. Nf3 e6 3. g3 c5 4. Bg2 cxd4 5. Nxd4 Be7 6. O-O O-O 7. c4 a6 8. Nc3
Qc7 9. Qd3 Nc6 10. Nxc6 dxc6 11. b3 e5 12. Bb2 Be6 13. Ne4 Rad8 14. Nxf6+ Bxf6
15. Qc2 Rd7 16. Rad1 Rfd8 17. Bc3 h5 18. Rxd7 Bxd7 1/2-1/2

[Event "Druga liga CS - istok"]
[Site "Blace"]
[Date "2006.10.14"]
[Round "6.4"]
[White "Komnenic, Branko"]
[Black "Jovanovic, Dragan"]
[Result "1-0"]
[WhiteElo "2238"]
[BlackElo "2133"]
[PlyCount "95"]
[EventDate "2006.09.09"]

1. d4 d5 2. c4 Nf6 3. Nc3 c6 4. Nf3 e6 5. e3 Bb4 6. Bd2 O-O 7. a3 Ba5 8. Bd3
Nbd7 9. O-O Re8 10. Qc2 Bc7 11. e4 dxe4 12. Nxe4 Nxe4 13. Bxe4 Nf8 14. Bc3 Rb8
15. Ne5 Qe7 16. b4 f6 17. Nd3 Rd8 18. f4 Bd7 19. Rad1 Be8 20. g3 Bg6 21. Nc5
Bxe4 22. Qxe4 Re8 23. f5 e5 24. Kg2 Qf7 25. d5 cxd5 26. cxd5 Bd6 27. Rc1 Rec8
28. Ne6 Qd7 29. Qd3 a6 30. Bd2 Rxc1 31. Rxc1 Rc8 32. Rxc8 Qxc8 33. Be3 Nd7 34.
Kf2 Nf8 35. Ke2 Nxe6 36. fxe6 g6 37. g4 Kf8 38. h4 Ke7 39. h5 Qg8 40. Qe4 Qe8
41. Kf2 a5 42. bxa5 Bxa3 43. Qb1 Qc8 44. hxg6 hxg6 45. Qxg6 Kd6 46. Qxf6 Kxd5
47. Qf3+ Kd6 48. Qd1+ 1-0

[Event "Druga liga CS - istok"]
[Site "Prokuplje"]
[Date "2006.10.14"]
[Round "6.5"]
[White "Djukic, Zeljko"]
[Black "Raicevic, Ivica"]
[Result "1/2-1/2"]
[WhiteElo "2409"]
[BlackElo "2307"]
[PlyCount "42"]
[EventDate "2006.09.09"]

1. d4 e6 2. c4 Nf6 3. Nc3 Bb4 4. Bd2 O-O 5. a3 Bxc3 6. Bxc3 b6 7. Nf3 Bb7 8. g3
Ne4 9. Qc2 d6 10. Bg2 Nxc3 11. Qxc3 Nd7 12. O-O Nf6 13. Rfd1 Qe7 14. Ne1 Bxg2
15. Nxg2 c5 16. dxc5 dxc5 17. Rd3 Rfd8 18. Rad1 Rxd3 19. Qxd3 h6 20. f3 Rb8 21.
e4 Qc7 1/2-1/2

[Event "Druga liga CS - istok"]
[Site "Prokuplje"]
[Date "2006.10.14"]
[Round "6.5"]
[White "Vasic, Milena"]
[Black "Kulak, Dejan"]
[Result "0-1"]
[WhiteElo "2190"]
[BlackElo "2275"]
[PlyCount "66"]
[EventDate "2006.09.09"]

1. d4 Nf6 2. c4 e6 3. Nf3 b6 4. g3 Bb4+ 5. Nbd2 Bb7 6. Bg2 O-O 7. O-O c5 8. d5
exd5 9. Nh4 Bxd2 10. Qxd2 Ne4 11. Qf4 Qf6 12. cxd5 Bxd5 13. Bxe4 Qxf4 14. Bxh7+
Kxh7 15. Bxf4 Re8 16. Rfe1 Nc6 17. Red1 Nd4 18. e3 Ne2+ 19. Kf1 Nxf4 20. gxf4
Bc6 21. Rd6 g6 22. Rad1 Kg7 23. Ke2 Bb5+ 24. Kf3 Rh8 25. Kg3 Rh5 26. R1d5 Rh6
27. f5 Rah8 28. f6+ Kf8 29. Nf3 Rh3+ 30. Kf4 Be2 31. Ng5 R8h4+ 32. Ke5 Rh5 33.
Rxd7 Rxg5+ 0-1

[Event "Druga liga CS - istok"]
[Site "Leskovac"]
[Date "2006.10.14"]
[Round "6.6"]
[White "Stevanovic, Sladjan"]
[Black "Manojlovic, Nebojsa"]
[Result "0-1"]
[WhiteElo "2253"]
[BlackElo "2172"]
[PlyCount "52"]
[EventDate "2006.09.09"]

1. d4 d5 2. Nf3 c6 3. c4 Nf6 4. Nc3 dxc4 5. e4 b5 6. e5 Nd5 7. a4 e6 8. Ng5 h6
9. Nge4 b4 10. Nb1 Ba6 11. Nbd2 c3 12. Nc4 Bxc4 13. Bxc4 a5 14. O-O cxb2 15.
Bxb2 Be7 16. Rc1 Nd7 17. Bd3 Rc8 18. Qg4 g5 19. f4 h5 20. Qg3 h4 21. Qg4 Nxf4
22. Rxf4 gxf4 23. Rf1 Nb6 24. Qxf4 Rf8 25. Be2 Nxa4 26. Ba1 Nc3 0-1

[Event "Druga liga CS - istok"]
[Site "Leskovac"]
[Date "2006.10.14"]
[Round "6.6"]
[White "Puzic, Slobodan"]
[Black "Panic, Milan"]
[Result "0-1"]
[WhiteElo "2173"]
[BlackElo "2167"]
[PlyCount "84"]
[EventDate "2006.09.09"]

1. d4 Nf6 2. Nf3 e6 3. c4 b6 4. g3 Ba6 5. b3 Bb4+ 6. Bd2 Be7 7. Bg2 d5 8. O-O
O-O 9. Ne5 c6 10. Nc3 dxc4 11. Bf4 cxb3 12. axb3 Bb7 13. Qc2 Nd5 14. Nxd5 cxd5
15. Rfc1 Bd6 16. Nd3 Bxf4 17. gxf4 Nc6 18. e3 Qd6 19. Qd2 a5 20. Bf1 Rfc8 21.
Ne5 Nb4 22. Bb5 Ba6 23. Bxa6 Nxa6 24. Rxc8+ Rxc8 25. Rc1 Rc7 26. Rxc7 Nxc7 27.
Qc2 g6 28. h4 Kg7 29. h5 gxh5 30. Qe2 f6 31. Qxh5 fxe5 32. Qg5+ Kf7 33. Qh5+
Kf8 34. Qxh7 exf4 35. Qh8+ Ke7 36. Qg7+ Ke8 37. exf4 Qxf4 38. Qh8+ Kd7 39. Qb8
Qxd4 40. Qg8 Qd1+ 41. Kg2 Qxb3 42. Qg7+ Kc6 0-1

[Event "Druga liga CS - istok"]
[Site "Leskovac"]
[Date "2006.10.14"]
[Round "6.6"]
[White "Kolbert, Engelbert"]
[Black "Krstic, Ranko"]
[Result "1/2-1/2"]
[WhiteElo "2158"]
[BlackElo "2183"]
[PlyCount "30"]
[EventDate "2006.09.09"]

1. e4 c5 2. c3 Nf6 3. e5 Nd5 4. d4 cxd4 5. Nf3 Nc6 6. cxd4 d6 7. Bc4 e6 8. O-O
Be7 9. Qe2 Nb6 10. Bb5 Bd7 11. Nc3 d5 12. Bd3 a6 13. a3 Rc8 14. Qc2 h6 15. Be3
Na5 1/2-1/2